000 00228nam a2200097Ia 4500
008 170619s9999 xx 000 0 und d
100 _aGASKELL
245 0 _aINTRO TO THE THERMODYNAMICS OF MATERIALS
260 _bTAYLOR
260 _c2009
546 _aENGLISH
999 _c19381
_d19381